000 01272cam a2200301 a 4500
999 _c23238
_d23238
001 4888388
005 20170126083407.0
008 930510s1994 nyu b 001 0 eng
010 _a 93024742
020 _a0195079248 (cloth : acidfree paper) :
_c$35.00
040 _aDLC
_cDLC
_dDLC
050 0 0 _aBD171
_b.D285 1994
100 1 _aDavid, Marian Alexander,
_d1959-
245 1 0 _aCorrespondence and disquotation :
_ban essay on the nature of truth /
_cMarian David.
260 _aNew York :
_bOxford University Press,
_c1994.
300 _ax, 206 p. :
_c22 cm.
504 _aIncludes bibliographical references (p. 193-198) and index.
650 0 _aTruth
_xCorrespondence theory.
650 0 _aTruth.
740 0 _aDisquotation.
856 4 2 _3Publisher description
_uhttp://www.loc.gov/catdir/enhancements/fy0604/93024742-d.html
942 _2lcc
_cBOOKS
_hBD171 .D285 1994